| 000 | 00848nam a22001577a 4500 | ||
|---|---|---|---|
| 003 | OSt | ||
| 005 | 20151008145414.0 | ||
| 008 | 151008b xxu||||| |||| 00| 0 eng d | ||
| 040 | _cRUA | ||
| 082 | _aAVM EAM 2007 B080 Or.1 | ||
| 100 |
_92367 _aEAM, MUOYKEA. |
||
| 245 | _aEffect of broken rice mung bean utilization in feed ingredient for growing quail at the animal experimental station of royal university of agriculture, ឥទ្ធិពលនៃការប្រើប្រាស់ចុងសណ្តែកសៀនបាយជាចំណីផ្សំ ទោលើក្រួចសាច់នៅស្ថានិយ៏ចិញ្ចឹមសត្វ នៃសាកលវិទ្យាល័យភូមិន្ទកសិកម្ម | ||
| 260 |
_aPhnom Penh _bRUA _c2007 |
||
| 300 |
_axi; 43p. _bill. _c29cm. |
||
| 942 |
_2ddc _cAVM |
||
| 999 |
_c2229 _d2229 |
||